Eawag forum chriesbach: Research Center in Switzerland
Shranjeno v:
| Glavni avtor: | |
|---|---|
| Format: | Knjiga |
| Jezik: | angleščina |
| Izdano: |
Zurich
Holcim Foundation
2007
|
| Teme: | |
| Oznake: |
Označite
Brez oznak, prvi označite!
|
MARC
| LEADER | 00000nam a2200000 a 4500 | ||
|---|---|---|---|
| 001 | UCG1449 | ||
| 003 | CL-VaPUC | ||
| 008 | 100506e20070000SZ |||||||||||||||||eng|d | ||
| 082 | 0 | 4 | |a 725.5 |b HOL |2 21 |
| 100 | 0 | |a Holcim Foundation for Sustainable Construction |e author |9 549390 | |
| 245 | 1 | 0 | |a Eawag forum chriesbach: Research Center in Switzerland |
| 300 | |a 80 p | ||
| 942 | |c BK | ||
| 945 | |d 20100506 00:00:00 |a rbrito | ||
| 260 | |a Zurich |b Holcim Foundation |c 2007 | ||
| 650 | 7 | |a CENTROS DE INVESTIGACION |2 CL-VaPUC |9 549391 | |
| 650 | 0 | |a Diseño arquitectónico |9 265271 | |
| 650 | 0 | |a Planos arquitectónicos |9 268148 | |
| 650 | 0 | |a Construcción |9 260195 | |
| 583 | |a last modification |c 20100506 00:00:00 |k Rodrigo Vera | ||
| 999 | |c 340815 |d 340813 | ||
| 952 | |0 0 |1 0 |4 0 |6 725_500000000000000_HOL_2007 |7 0 |8 A |9 435852 |a BIBARQ |b BIBARQ |d 2019-11-22 |i 4667379 |o 725.5 HOL 2007 |p 4667379 |r 2025-01-20 |w 2019-11-22 |y BK |k ARQ | ||